=LDR 00000nam 2200000 4500 =001 INLIS000000000062798 =005 20240522082719 =035 ##$$a 0010-0923000055 =007 ta =008 230913###########################0#ind## =100 #$$a Rusilanti =245 1#$$a Kolesterol tinggi bukan untuk ditakuti : $b Terapi paling aman dan menyenangkan /$c Rusilanti =250 ##$$a cet 1 =300 ##$$a 120 halaman : $b ilustrasi ; $c 23 cm =020 ##$$a 979-006-508-6 =041 ##$$a ind =082 ##$$a 612.12 =084 ##$$a 612.12 Rus k =264 ##$$a Jakarta :$b FMedia,$c 2014 =336 ##$$a teks$2 rdacontent =337 ##$$a tanpa perantara$2 rdamedia =338 ##$$a volume$2 rdacarrier =650 #4$$a Kolesterol =990 ##$$a 5202300995